Fées par image - Statistiques

Statistiques générales
  • Ce quiz a été pris 27 fois
  • Le résultat moyen est 9 sur 22
Statistiques - réponses
Par images Réponse % Correct
La Fée Clochette
92%
Flora
75%
Stella
75%
Bloom
71%
Musa
63%
Tecna
58%
Layla / Aisha
50%
La Fée bleue
42%
La Fée des Dents
42%
Pimprenelle
42%
Roxy
42%
Ondine
38%
La Fée Marraine
33%
Pâquerette
33%
Flora
29%
Noa
29%
Iridessa
21%
Vidia
21%
Zarina
17%
Roselia
13%
La Fée des Djins
8%
La Fée des Elfes
4%
Aucun quiz correspondant
Distribution des résultats
% des personnes avec chaque résultat
Percentile par nombre de réponses
Votre historique - résultats
Vous n’avez pas pris ce quiz